| 000 | 00883nam a2200229 4500 | ||
|---|---|---|---|
| 008 | b xx# fre u | ||
| 010 | _a43043 | ||
| 040 | _aLB-BrCRDP | ||
| 082 | _a614.5996/D738i | ||
| 100 | 1 | _aDoumit, Mounir A. | |
| 130 | 0 | _lFR | |
| 245 | 1 | 0 |
_aIntérêt de la fluoruration des eaux au Liban _cPr. Adj. Mounir A. Doumit ; préf. de Mounir Abou-Assali |
| 260 |
_aBeyrouth _bPublications de l'Université Libanaise. Section des études naturelles ; xx, _c1995 |
||
| 300 |
_a86p. : _bill., carte ; _c24 cm |
||
| 500 | _a* Bibliogr. à la fin du livre. * Résumé en arabe à la fin du livre. | ||
| 650 |
_aEau _xFluoration |
||
| 650 |
_aFluor _xEffets physiologiques |
||
| 700 | 1 | 0 |
_aAbou-Assali, Mounir, _epréf. |
| 700 | 1 | 0 | _aPublications de l'Université Libanaise, section des études naturelles ; xx |
| 942 | _cBK | ||
| 999 |
_c10801 _d10801 |
||